| 000 | 01424nam a2200373 i 4500 | ||
|---|---|---|---|
| 003 | CO-BoRNBP | ||
| 005 | 20250225161857.0 | ||
| 007 | ta | ||
| 008 | 231207s2023 ck a|||ar|||| 00||p spa d | ||
| 020 | _a9786289604115 | ||
| 040 |
_aCO-BoRNBP _bspa _erda _cCO-BoRNBP |
||
| 041 | 1 |
_aspa _hne |
|
| 043 | _a e-ne--- | ||
| 084 | _aP VEN8 | ||
| 100 | 1 |
_aVendel, Edward van de _d1964- _eautor _958764 |
|
| 245 | 1 | 0 |
_aEntre palmas y aplausos/ _cEdward van de Vendel ; ilustraciones de Wolf Erlbruch ; traducción de Goedele de Sterck |
| 250 | _aEdición especial | ||
| 264 | 1 |
_aBogotá, Colombia _bArt Books Ediciones _c2023 |
|
| 300 |
_a39 páginas: _bilustraciones a color _c21 cm |
||
| 336 |
_atexto _btxt _2rdacontent |
||
| 337 |
_asin mediación _bn _2rdamedia |
||
| 338 |
_avolumen _bnc _2rdacarrier |
||
| 490 |
_aPlan Nacional de Lectura, Escritura y Oralidad _pMinisterio de Cultura |
||
| 521 | _aRecomendado para un público infantil a partir de los 6 años | ||
| 534 | _tLk juich voor jou | ||
| 650 | 1 | 7 |
_aPoesía infantil holandesa _ySiglo XXI _2ARMARC _958765 |
| 650 | 1 | 7 |
_aLiteratura infantil holandesa _ySiglo XXI _2ARMARC _958766 |
| 650 | 1 | 7 |
_aDeportes en la literatura _2ARMARC _958767 |
| 650 | 1 | 7 |
_aAmistad en la literatura _2ARMARC _970 |
| 650 | 1 | 7 |
_aFracaso en niños _2ARMARC _958768 |
| 700 | 1 |
_aErlbruch, Wolf _eilustrador _92400 |
|
| 700 | 1 |
_ade Sterck, Goedele _etraductor _958769 |
|
| 942 |
_2loc _cBKINF |
||
| 999 |
_c56964 _d56964 |
||